Curso de análisis estructural
Uloženo v:
| Hlavní autor: | |
|---|---|
| Médium: | Kniha |
| Jazyk: | španělština |
| Vydáno: |
Pamplona
EUNSA
2003
|
| Vydání: | 2a. ed |
| Témata: | |
| Tagy: |
Přidat tag
Žádné tagy, Buďte první, kdo vytvoří štítek k tomuto záznamu!
|
MARC
| LEADER | 00000cam a2200000 a 4500 | ||
|---|---|---|---|
| 001 | UCF8437 | ||
| 003 | CL-VaPUC | ||
| 008 | 130829e20030800sp |||||||||||||||||spa|d | ||
| 020 | |a 8431321067 | ||
| 082 | 0 | 4 | |a 624.171 |b CEL |2 21 |
| 100 | 0 | |a Celigueta, Juan Tomás |e author |9 570513 | |
| 245 | 1 | 0 | |a Curso de análisis estructural |
| 250 | |a 2a. ed | ||
| 300 | |a 648 p | ||
| 942 | |c BK | ||
| 945 | |d 20130829 16:45:00 |a dcastane | ||
| 260 | |a Pamplona |b EUNSA |c 2003 | ||
| 650 | 0 | |a Análisis estructural |9 260661 | |
| 650 | 7 | |a CARGAS ESTRUCTURALES |2 CL-VaPUC |9 502743 | |
| 583 | |a last modification |c 20130829 16:45:00 |k Rodrigo Vera | ||
| 999 | |c 353009 |d 353007 | ||
| 952 | |0 0 |1 0 |3 erb |4 0 |6 624_171000000000000_CEL_2003 |7 0 |8 R |9 457842 |a BIBMEC |b BIBMEC |d 2019-11-23 |i 5001838 |o 624.171 CEL 2003 |p 5001838 |r 2024-01-19 |w 2019-11-23 |y BK_R |z Catalogado en:20130829 |k MEC | ||
| 952 | |0 0 |1 0 |3 erb |4 0 |6 624_171000000000000_CEL_2003 |7 0 |8 R |9 457843 |a BIBMEC |b BIBMEC |d 2019-11-23 |i 5001846 |o 624.171 CEL 2003 |p 5001846 |r 2024-01-19 |w 2019-11-23 |y BK_R |z Catalogado en:20130829 |k MEC | ||
| 952 | |0 0 |1 0 |3 erb |4 0 |6 624_171000000000000_CEL_2003 |7 0 |8 R |9 457844 |a BIBMEC |b BIBMEC |d 2019-11-23 |i 5001854 |o 624.171 CEL 2003 |p 5001854 |r 2024-01-19 |w 2019-11-23 |y BK_R |z Catalogado en:20130829 |k MEC | ||
| 952 | |0 0 |1 0 |3 erb |4 0 |6 624_171000000000000_CEL_2003 |7 0 |8 R |9 457845 |a BIBMEC |b BIBMEC |d 2019-11-23 |i 5001862 |o 624.171 CEL 2003 |p 5001862 |r 2024-01-19 |w 2019-11-23 |y BK_R |z Catalogado en:20130829 |k MEC | ||
| 952 | |0 0 |1 0 |3 erb |4 0 |6 624_171000000000000_CEL_2003 |7 0 |8 R |9 457846 |a BIBMEC |b BIBMEC |d 2019-11-23 |i 5001870 |o 624.171 CEL 2003 |p 5001870 |r 2024-01-19 |w 2019-11-23 |y BK_R |z Catalogado en:20130829 |k MEC | ||
| 952 | |0 0 |1 0 |3 erb |4 0 |6 624_171000000000000_CEL_2003 |7 0 |8 R |9 457847 |a BIBMEC |b BIBMEC |d 2019-11-23 |i 5001889 |o 624.171 CEL 2003 |p 5001889 |r 2024-01-19 |w 2019-11-23 |y BK_R |z Catalogado en:20130829 |k MEC | ||
| 952 | |0 0 |1 0 |3 erb |4 0 |6 624_171000000000000_CEL_2003 |7 0 |8 R |9 457848 |a BIBMEC |b BIBMEC |d 2019-11-23 |i 5001897 |o 624.171 CEL 2003 |p 5001897 |r 2024-01-19 |w 2019-11-23 |y BK_R |z Catalogado en:20130829 |k MEC | ||
| 952 | |0 0 |1 0 |3 erb |4 0 |6 624_171000000000000_CEL_2003 |7 0 |8 R |9 457849 |a BIBMEC |b BIBMEC |d 2019-11-23 |i 5001900 |o 624.171 CEL 2003 |p 5001900 |r 2024-01-19 |w 2019-11-23 |y BK_R |z Catalogado en:20130829 |k MEC | ||